000 00536nam a2200181Ia 4500
005 20250508152453.0
008 008 250505s9999 xx 000 0 eng d
037 _aTextual
040 _aFEDL
_beng
_cFEDL
041 _aeng
_2eng
084 _a954.03, GUP
_qFEDL
100 _aGupta Pratul C
_9761554
245 0 _aLast peshwa : And the english commissioners
260 _aCalcutta, India
_bS C Sarkar and Sons Private Limited
_c1944
300 _a113p.
942 _cTEXL
_h954.03, GUP
999 _c1336629
_d1336629